000 00461nam a2200193Ia 4500
005 20240823030516.0
008 240823s9999||||xx |||||||||||||| ||und||
020 _a978-81-265-2340-5
041 _aENGLISH
082 _A005.133 Q0
100 _aYoung Michael J
245 0 _aMastering Visual C++ 6
250 _a1st
260 _c2010
_bWiley India Pv
_aNew Delhi
500 _aYES
650 _aC++
_bComputer Science
942 _cBK
999 _c188868
_d188868